000 00900nam a22002657a 4500
001 2309
003 FISKH
005 20250409153445.0
008 231115b cb ||||| |||| 00| 0 eng d
020 _a078073003990
040 _aFISKH
_beng
_cFISKH
_dFISKH
050 _aPZ7.M3567585
082 _a813.54
100 _aMartin, Ann M.
245 _aStacey's choice /
_cAnn M. Martin
260 _aNew York :
_bScholastic,
_c1992.
300 _a138 pages :
_c20 cm
490 _aThe baby sitters club
505 _aP
520 _aStacey's parents are divorced, but they both depend on her. But how can she choose between them, when her mother is home sick, and her father wants her to go with him to the dinner celebrating his promotion to vice-president.
521 8 _a650
_bLexile
521 8 _aP
_bRaz-Plus
650 _aChoice
_vJuvenile literature
942 _2ddc
_cBK
_n0
999 _c2309
_d2309